General Knowledge Quiz Stats

 Plays Quiz not verified by Sporcle

Challenge
Share
Tweet
Embed
Score 0/30 Timer 10:00
0 Plays Today
Question Answer % Correct
How many signs of the zodiac are there?12
97.8%
Which cartoon character has an anchor tattooed on his arm?Popeye
82.6%
In which decade of the 20th Century was Muhammad Ali born?40's
80.4%
What is the square root of 4?2
80.4%
What word can go after 'hobby' and before 'radish'?Horse
78.3%
Which Boys recorded 'Barbara Ann' in the 60's?Beach Boys
73.9%
Which group had a No. 1 with 'Hey Jude'?The Beatles
73.9%
Who invented Braille?Louis Braille
71.7%
According to the Bible, who murdered Abel?Cain
69.6%
Which Ben won an Oscar for Best Actor in 'Gandhi'?Ben Kingsley
69.6%
How many degrees are in a right angle?90
69.6%
In which country is the city of Addis Ababa?Ethiopia
58.7%
Which films ends with 'tomorrow is another day'?Gone with the Wind
50%
On a Monopoly board, what colour is Old Kent Road?Brown
47.8%
On what day are hot cross buns traditionally eaten?Good Friday
45.7%
Question Answer % Correct
Traditionally, what colour is willow pattern?Blue
43.5%
Which Italian phrase used in English means 'in the fresh or cool air'?Al fresco
41.3%
Lance Cairns played cricket for which country?New Zealand
39.1%
Which football club has had Royal and Woolwich as part of its name?Arsenal
34.8%
What is Kampuchea now called?Cambodia
34.8%
What word can go before 'draft', 'flow' and 'shadow'?Over
34.8%
In which TV series did the characters Edina and Saffron appear?Absolutely Fabulous
34.8%
A revolving firework is named after which saint?Catherine
32.6%
In song, who was born 'on a mountain top in Tennessee'?Davy Crockett
23.9%
Ivor Allchurch is associated with which sport?Football
21.7%
Which Richard starred in 'The Good Life'?Briers
19.6%
Who wrote the novel 'Lucky Jim'?Kingsley Amis
15.2%
In 1974, pars of Somerset and Gloucestershire made which new county?Avon
15.2%
Iceberg and Dorothy Perkins are types of what?Rose
13%
How is Maurice Cole better know?Kenny Everett
6.5%

You're not logged in!

Compare scores with friends on all Sporcle quizzes.
OR
Log In

You Might Also Like...

Show Comments

Extras

Created May 14, 2016ReportNominate
Tags:General Knowledge Quiz

Top Quizzes Today


Score Distribution

Your Account Isn't Verified!

In order to create a playlist on Sporcle, you need to verify the email address you used during registration. Go to your Sporcle Settings to finish the process.

Report this User

Report this user for behavior that violates our Community Guidelines.

Details: